| 000 | 01840naa a22003377a 4500 | ||
|---|---|---|---|
| 001 | BR8703028 | ||
| 003 | BR-BrBNA | ||
| 005 | 20240918175805.0 | ||
| 007 | ta | ||
| 008 | 230509b bl.||||| |||| 00| 0 por d | ||
| 040 |
_aBR-BrBNA _bpor _cBiblioteca Nacional de Agricultura |
||
| 041 | _a(Pt) | ||
| 072 |
_aL01; E16 _b9410 _bG514 |
||
| 090 | _aL01 BR8703028 | ||
| 100 | 1 | _aVetterle, C.P. | |
| 100 | 1 | _aSolerno, A.R. | |
| 100 | 1 | _aSouza, R.M. de | |
| 100 | 1 | _aBeck, A.A.H. | |
| 100 | 1 | _aAggeler, K.E. | |
| 110 | 1 |
_aEmpresa Catarinense de Pesquisa Agropecuaria S.A., Itajai, SC (Brasil). Estacao Experimental de Itajai _93968 |
|
| 111 | 1 |
_a18. Congresso Brasileiro de Medicina Veterinaria; 3. Congresso Internacional de Veterinaria em Lingua Portuguesa; 3. Seminario Brasileiro de Parasitologia Veterinaria _cCamboriu, SC (Brazil) _d18-23 Oct 1982 |
|
| 245 | 1 | _aSistema da producao de leite da EMPASC - resultados zootecnicos [Empresa Catarinense de Pesquisa Agropecuaria, Brasil] | |
| 260 | 3 |
_aFlorianopolis, SC (Brasil): _c1982. |
|
| 500 | _aResumos do 18. Congresso Brasileiro de Medicina Veterinaria; 3. Congresso Internacional de Veterinaria em Lingua Portuguesa e 3. Seminario Brasileiro de Parasitologia Veterinaria Florianopolis, SC (Brasil): 1982. p. 349 (BR8703028-AM)L01 A monografia está disponível na(o)Summary only *Empresa Catarinense de Pesquisa Agropecuaria S.A., Florianopolis, SC (Brazil) | ||
| 650 | _aPRODUCAO LEITEIRA | ||
| 650 | _aSISTEMA DE PRODUCAO | ||
| 650 | _aSANTA CATARINA | ||
| 773 | 0 |
_tResumos do 18. Congresso Brasileiro de Medicina Veterinaria; 3. Congresso Internacional de Veterinaria em Lingua Portuguesa e 3. Seminario Brasileiro de Parasitologia Veterinaria _wL01 BR8703028 _gFlorianopolis, SC (Brasil), 1982. p. 349 |
|
| 909 |
_a202404 _bLucia _c55 _dLucia Elande |
||
| 942 |
_cAM _2AGRIS |
||
| 999 |
_c318152 _d318152 |
||